000 00774cam a2200265 a 4500
008
020 _a9781856046770 (pbk.)
049 _aMAIN
090 _aZ665
_bCOR
100 1 _aCornelius, Ian V.
245 1 0 _aInformation policies and strategies /
_cIan Cornelius.
260 _aLondon :
_bFacet,
_c2010.
300 _axiii, 209 p. ;
_c24 cm.
500 _aIncludes index.
504 _aIncludes bibliographical references.
650 0 _aInformation policy.
650 0 _aLibraries and community.
650 0 _aInformation literacy.
650 0 _aCollection development (Libraries)
907 _a.b10377682
_b30-08-18
_c20-12-16
003
005 20230123141114.0
040 _cNUST
942 _cBOOKS
_kZ665
_mCOR
999 _c167765
_d167765